000 00305nam a22001457a 4500
008 221028b ||||| |||| 00| 0 eng d
020 _a763889
041 _aeng
080 _a579
082 _a579
100 _a13.2
101 _aMICROBIO
245 _aMICROBIOLOGY
_cSLONCZEWSKI J
942 _2udc
_cBK
999 _c58686
_d58686